Central Library and Information Centre
Sibsagar Girls' College, Sivasagar : Assam

UTTARPURBANCHALAR DOHTA BHASAR TULANAMULAK SABDAKOSH (Comparative Vocabularies of 10 - Languages of North East India) (Record no. 20201)

MARC details
000 -LEADER
fixed length control field 00560cam a2200181ua 4500
008 - FIXED-LENGTH DATA ELEMENTS--GENERAL INFORMATION
fixed length control field 140829n II |||gr||||Z||||||asm
040 ## - CATALOGING SOURCE
Original cataloging agency MAIN
041 ## - LANGUAGE CODE
-- English
082 ## - DEWEY DECIMAL CLASSIFICATION NUMBER
Classification number 413 SAR
100 ## - MAIN ENTRY--PERSONAL NAME
Personal name HAMILTON, FRANCIES BUCHANAN,
Relator term COMPILER.
245 ## - TITLE STATEMENT
Title UTTARPURBANCHALAR DOHTA BHASAR TULANAMULAK SABDAKOSH (Comparative Vocabularies of 10 - Languages of North East India)
260 ## - PUBLICATION, DISTRIBUTION, ETC.
Place of publication, distribution, etc. JORHAT:
Name of publisher, distributor, etc. EKALABYA PRAKASHAN,
Date of publication, distribution, etc. 2014.
300 ## - PHYSICAL DESCRIPTION
Extent 318:
Dimensions 26CM.
700 ## - ADDED ENTRY--PERSONAL NAME
Personal name SARMAH, DR. DEBOBRATA,
Relator term EDITOR.
942 ## - ADDED ENTRY ELEMENTS (KOHA)
Koha item type Books
653 ## - INDEX TERM--UNCONTROLLED
Uncontrolled term Dictionaries
Holdings
Withdrawn status Lost status Damaged status Not for loan Collection code Home library Current library Shelving location Date acquired Full call number Barcode Date last seen Copy number Price effective from Koha item type
        TBASM Central Library and Information Centre Sibsagar Girls College Central Library and Information Centre Sibsagar Girls College   22.08.2014 491.451 30950 27.02.2020 1 27.02.2020 Books


Sibsagar Girl's College © 2020. All rights reserved.
Powered by Koha.
Maintained by Abhijit Borpuzari.